000 00735nam a22002417a 4500
001 91990
003 UA-OsUOA
005 20210528110923.0
007 ta
008 20121207b un ||||| |||| 00| 0 ukr d
040 _aUA-OsUOA
_bukr
_cUA-OsUOA
_dUA-OsUOA
041 _aukr
080 _a821.161.2
090 _a821.161.2
_bШ71
100 _aШмалюк А.
245 _aБерезовий плач
_bпоезії
_cАнатолій Шмалюк
260 _aЖитомир
_c1997
_bВид. газ. "Житомир"
300 _a55 с.
650 7 _a82 Література. Літературознавство
_2UDC
942 _cBK
_2udc
955 _a3
999 _c378255
_d378255